000 00992nam a2200277 i 4500
001 193630
003 ES-MaACL
005 20251207124552.0
007 ta
008 240131s1923 sp | |||| 000 spa
040 _aEs-MaACL
245 0 0 _aEinstein recibe la borla de doctor en la Universidad Central :
_b[solemne acto académico, discurso de Einstein, salutación de los escolares ... en el Ateneo]
264 1 _aMadrid :
_bABC,
_c1923
300 _a3 páginas ;
_c30 cm
336 _aTexto
_2rdacontent
337 _asin mediación
_2rdamedia
338 _avolumen
_2rdacarrier
500 _aFotocopia del artículo sobre Albert Einstein en Madrid, publicado "ABC", 9 de marzo de 1923
600 1 4 _aEinstein, Albert,
_d1879-1955
_946838
610 2 4 _aAteneo de Madrid-
_vHistoria
_91925
655 4 _aArtículos
_9175745
852 4 _aES-MaACL
_cDEPOF
_j2347-F- 7
_9201134
942 _2udc
_cART_PRENSA
_n0
999 _c193630
_d193630